Datum a čas kvízu
27
Celkem bodů
Celkový počet nahraných bodů na tomto kvízu bez doplňovacích otázek.
5.
Pořadí na kvízu
Konečné umístění týmu na tomto kvízu.
Zaznamenané odpovědi
| # | Otázka | Odpověď | Body | Výsledky |
|---|---|---|---|---|
| 1. | Andrej Babiš byl dle očekávání... | jeden | 0 | |
| 2. | Nepálské úřady minulý týden oz... | C) pytlíkem na výkaly | 1 | |
| 3. | V přepočtu asi 40 milionů koru... | The Beatles | 1 | |
| 4. | Která automobilka získala s je... | Mercedes | 0 | |
| 5. | V noci z neděle na pondělí se... | Kansas City (Chiefs), San Francisco (49ers) | 1 | |
| 6. | Vítězné téma facebookového hla... | 1D 2C 3B 4A | 1 | |
| 7. | Dne 4. ledna 1997 došlo ke sňa... | Havel, Veškrnová | 0 | |
| 8. | Devadesátkovou klasikou je fil... | Fuck Off Guys Good Day | 0 | |
| 9. | Kolik tlačítek má na své předn... | tři | 1 | |
| 10. | Ke kterému městu se v souvislo... | Vsetín | 0 |